Técnica del dibujo
Uloženo v:
| Hlavní autor: | |
|---|---|
| Médium: | Kniha |
| Jazyk: | španělština |
| Vydáno: |
Madrid
Paraninfo
1973
|
| Témata: | |
| Tagy: |
Přidat tag
Žádné tagy, Buďte první, kdo vytvoří štítek k tomuto záznamu!
|
MARC
| LEADER | 00000nam a2200000 a 4500 | ||
|---|---|---|---|
| 001 | UCP2941 | ||
| 003 | CL-VaPUC | ||
| 008 | 990604e19730000SP |||||||||||||||||spa|d | ||
| 082 | 0 | 4 | |a 604.2 |b LAR |2 21 |
| 100 | |a Larburu Arrizabalaga, Nicolás |e author |9 488679 | ||
| 245 | 1 | 0 | |a Técnica del dibujo |
| 300 | |a v | ||
| 942 | |c BK | ||
| 945 | |d 19990604 00:00:00 |a cmena | ||
| 260 | |a Madrid |b Paraninfo |c 1973 | ||
| 500 | |a v.2: Representación de piezas o elementos industriales, normas fundamentales, estados superficiales y medidas | ||
| 500 | |a v.4: Representaciones específicas, construcciones metálicas, construcciones civiles y electrotecnia, material para dibujo | ||
| 650 | 7 | |a DIBUJOS TECNICOS |2 CL-VaPUC |9 360503 | |
| 650 | 7 | |a DISEÑOS INDUSTRIALES |2 CL-VaPUC |9 429958 | |
| 650 | 0 | |a Gráficas |9 264054 | |
| 650 | 0 | |a Elementos estructurales |9 350100 | |
| 650 | 7 | |a ELEMENTOS DE MAQUINAS |2 CL-VaPUC |9 429964 | |
| 650 | 7 | |a MECANICA INDUSTRIAL |2 CL-VaPUC |9 429965 | |
| 650 | 0 | |a Normalización |9 262666 | |
| 583 | |a last modification |c 19990604 00:00:00 |k Rodrigo Vera | ||
| 999 | |c 281403 |d 281401 | ||
| 952 | |0 0 |1 0 |4 0 |6 604_200000000000000_LAR_1973 |7 0 |8 F |9 322129 |a BIBMEC |b BIBMEC |d 2019-11-20 |h v.2 |i 1380826 |l 1 |o 604.2 LAR 1973 |p 1380826 |r 2024-04-01 |s 2024-04-01 |w 2019-11-20 |y BK_F |k MEC | ||